Settlements of Jász-Nagykun-Szolnok County – Sudden Death! - Statistics

General Stats
  • This quiz has been taken 17 times
  • The average score is 9 of 16
Answers on the Grid
Answers color-coded by a green-red scale on the quiz's grid according to % correct below.
Törökszentmiklós
Kunszentmiklós
Fegyvernek
Tiszaszentimre
Csépa
Tiszakécske
Tiszasas
Kunszentmárton
Mezőhék
Nagykörű
Cibakháza
Csataszög
Jászkarajenő
Tiszakürt
Nagyrév
Törtel
Jászivány
Tiszacsege
Jánoshida
Jánoshalma
Abony
Tiszaug
Bucsa
Kőröstetétlen
Tiszaalpár
Ecsegfalva
Poroszló
Jászjákóhalma
Kisköre
Pusztamonostor
 
Answer Stats
Answer % Correct
Törökszentmiklós
86%
Csépa
71%
Jánoshida
71%
Mezőhék
71%
Nagykörű
71%
Fegyvernek
57%
Nagyrév
57%
Tiszakürt
57%
Tiszasas
57%
Tiszaszentimre
57%
Cibakháza
43%
Csataszög
43%
Jászivány
43%
Kunszentmárton
43%
Jászjákóhalma
29%
Pusztamonostor
29%
No matching quizzes found
Score Distribution
Percent of People with Each Score
Percentile by Number Answered
Your Score History
You have not taken this quiz